Recreación filosófica ó diálogo sobre la filosofía natural, para instrucción de personas curiosas que no han frecuentado las aulas / (Record no. 12173)

000 -CABECERA
fixed length control field 01028nam a22002177a 4500
003 - IDENTIFICADOR DEL NÚMERO DE CONTROL
control field AR-CdUCM
008 - DATOS DE LONGITUD FIJA--INFORMACIÓN GENERAL
fixed length control field 190408b ||||| |||| 00| 0 spa d
040 ## - FUENTE DE LA CATALOGACIÓN
Agencia/entidad que catalogó originalmente la obra MUNICIPALIDAD PROVINCIAL DEL CUSCO
Entidad que transcribió la catalogación BIBLIOTECA MUNICIPAL DEL CUSCO
082 ## - NÚMERO DE LA CLASIFICACIÓN DECIMAL DEWEY
No. de Clasificación 171.95 /
Notacion interna AL44 / 1792
100 ## - ENTRADA PRINCIPAL--NOMBRE DE PERSONA
Nombre Personal Almeida, Teodoro de.
245 ## - MENCIÓN DE TÍTULO
Título Recreación filosófica ó diálogo sobre la filosofía natural, para instrucción de personas curiosas que no han frecuentado las aulas /
260 ## - PUBLICACIÓN, DISTRIBUCIÓN, ETC.
Lugar de publicación, distribución, etc. Madrid :
Nombre de la editorial, distribuidor, etc. Imprenta Real,
Fecha de publicación, distribución, etc. 1792.
300 ## - DESCRIPCIÓN FÍSICA
Nº de Páginas Extensión 341 Paginas ;
Otros detalles físicos Ilustraciones plegables,
Dimensiones 17 cm.
505 ## - NOTA DE CONTENIDO CON FORMATO
Nota de contenido formateada Contenido : t.1 :De las partes o principios de todas las cosas en común -- De la forma de todos los cuerpos naturales en común -- Trátase de los accidentes comunes á todas las cosas -- Del diverso peso de los cuerpos y de sus propiedad...
650 ## - PUNTO DE ACCESO ADICIONAL DE MATERIA--TÉRMINO DE MATERIA
Descriptor Filosofía
9 (RLIN) 395
650 ## - PUNTO DE ACCESO ADICIONAL DE MATERIA--TÉRMINO DE MATERIA
Descriptor Aceleración de los cuerpos
9 (RLIN) 29896
650 ## - PUNTO DE ACCESO ADICIONAL DE MATERIA--TÉRMINO DE MATERIA
Descriptor Peso de los cuerpos
9 (RLIN) 29897
942 ## - ELEMENTOS DE PUNTO DE ACCESO ADICIONAL (KOHA)
Fuente de clasificación
Tipo de item Libros-BMC
945 ## - PROCESAMIENTO DE INFORMACIÓN LOCAL (OCLC)
Catalogador wnts
AAAA-MM-DD - Fecha de ingreso o modificacion 2019-04-08
Holdings
Estado de retiro (separado) Fuente de clasificación o esquema de estanterías Estado dañado Ubicación Sala donde se ubica Nombre de la colección Fecha de adquisición o compra Costo, precio normal en soles Signatura topográfica Código de Barras Última vez visto (Koha) Tipo de ítem (Koha)
No     Sala Cusco Antiguo Sala Cusco Antiguo Book Cart 2019-04-08 180.00 171.95 / AL44 / t.1 / 1792 SCA0002039 2019-04-08 Libros-BMC

Powered by Koha